00494cam a22002051 4500001000800000005001700008008004100025010001700066015001400083035001800097040003100115041000800146042001200154080001400166082001400180100000700194101000800201245004700209504003200256838050020180201065257.0711027s1953 enk b 000 0 eng  a 53001537  aGB53-1071 a(OCoLC)166907 aDLCcODaWUdOCoLCdUkdDLC aeng apremarc a330.1 HUT a330.1 HUT1 a52 aEKO12aA review of economic doctrines, 1870-1929. aBibliography: p. [432]-437.